LEADER 01267nam--2200397---450- 001 990000438070203316 005 20091029140735.0 010 $a2-8027-0877-5 035 $a0043807 035 $aUSA010043807 035 $a(ALEPH)000043807USA01 035 $a0043807 100 $a20010510d19------km-y0itay0103----ba 101 $afre 102 $aLU 105 $a||||||||001yy 200 1 $aPrecis de la guerre froide et de l'après guerre froide$eau carrefour de la sécurité collective et de l'anarchie internationale$fStéphane Bernard 210 $a[Bruxelles]$cBruylant$d[19-?] 215 $a328 p.$d24 cm 410 $12001 461 1$1001-------$12001 606 0 $aStati Uniti d'America$xPolitica estera 606 0 $aGuerra fredda 676 $a327.73 700 1$aBERNARD,$bStéphane$0544963 801 0$aIT$bsalbc$gISBD 912 $a990000438070203316 951 $a327.73 BER 1 (IG VIII 17 338)$b6228 G$cIG VIII$d00246227 959 $aBK 969 $aGIU 979 $aPATTY$b90$c20010510$lUSA01$h1221 979 $c20020403$lUSA01$h1652 979 $aPATRY$b90$c20040406$lUSA01$h1630 979 $aRSIAV5$b90$c20091029$lUSA01$h1407 996 $aPrecis de la guerre froide et de l'après guerre froide$9873917 997 $aUNISA LEADER 01057nam1-2200349li-450 001 990000133290203316 005 20180312154649.0 010 $a0-262-19255-1 035 $a0013329 035 $aUSA010013329 035 $a(ALEPH)000013329USA01 035 $a0013329 100 $a20019960219871988988y0itay0103----ba 101 0 $aeng 102 $aUS 200 1 $aConcurrent Prolog$ecollected papers$fedited by Ehud Shapiro 210 $aCambridge (Mass.)$cMIT Press$dcopyr. 1987 (stampa 1988) 610 1 $alinguaggio prolog 610 1 $aprogrammazione parallela 676 $a005.133$9. 702 1$aShapiro,$bEhud 801 $aSistema bibliotecario di Ateneo dell' Università di Salerno$gRICA 912 $a990000133290203316 951 $a005.133 CON (1)$b4832 Ing.$c005.133 959 $aBK 979 $c19960221 979 $c20001110$lUSA01$h1711 979 $c20020403$lUSA01$h1621 979 $aSIAV3$b10$c20031003$lUSA01$h1231 979 $aPATRY$b90$c20040406$lUSA01$h1610 996 $aConcurrent Prolog$91488421 997 $aUNISA LEADER 03781oam 22008414a 450 001 9910465954203321 005 20211004152544.0 010 $a1-78170-231-4 010 $a1-84779-301-0 035 $a(CKB)2560000000085712 035 $a(EBL)1069642 035 $a(OCoLC)818847401 035 $a(SSID)ssj0000712724 035 $a(PQKBManifestationID)12259410 035 $a(PQKBTitleCode)TC0000712724 035 $a(PQKBWorkID)10646006 035 $a(PQKB)10652537 035 $a(StDuBDS)EDZ0000086812 035 $a(MiAaPQ)EBC1069642 035 $a(Au-PeEL)EBL1069642 035 $a(CaPaEBR)ebr10623281 035 $a(CaONFJC)MIL843589 035 $a(MdBmJHUP)musev2_78485 035 $a(EXLCZ)992560000000085712 100 $a20110105d2010 uy 0 101 0 $aeng 135 $aur|n|---||||| 181 $ctxt 182 $cc 183 $acr 200 14$aThe BBC and national identity in Britain, 1922?53$fThomas Hajkowski 210 1$aNew York (N.Y.) :$cManchester University Press,$d2010. 210 4$d©2010. 215 $a1 online resource (265 p.) 225 0 $aStudies in popular culture 300 $aDescription based upon print version of record. 311 $a0-7190-7944-6 320 $aIncludes bibliographical references (p. [239]-246) and index. 327 $a"Jolly proud you are a Britisher:" empire and identity, 1923-39 -- From the war to Westminster Abbey: the BBC and the empire, 1939-53 -- The BBC and the making of a multi-national monarchy -- Rethinking regional broadcasting in Britain, 1922-53 -- Broadcasting a nation: the BBC and national identity in Scotland -- BBC broadcasting in Wales, 1922-53 -- This is Northern Ireland: regional broadcasting and identity in "Ulster". 330 $aExamining the ways in which the BBC constructed and disseminated British national identity during the second quarter of the twentieth century, this book is the first study that focuses in a comprehensive way on how the BBC, through its radio programs, tried to represent what it meant to be British. The BBC and national identity in Britain offers a revision of histories of regional broadcasting in Britain that interpret it as a form of cultural imperialism. The regional organization of the BBC, and the news and creative programming designed specifically for regional listeners, reinforced the cu 410 0$aStudies in popular culture (Manchester, England) 606 $a1922-1953$2rero 606 $aidentite? nationale$2rerovoc 606 $acommunication de masse$2rerovoc 606 $aNationalisme$xDans les medias$zGrande-Bretagne$2ram 606 $aRadio broadcasting$2fast$3(OCoLC)fst01087224 606 $aNationalism$2fast$3(OCoLC)fst01033832 606 $aMass media and nationalism$2fast$3(OCoLC)fst01742693 606 $aNationalism$zGreat Britain$xHistory$y20th century 606 $aRadio broadcasting$zGreat Britain$xHistory 606 $aMass media and nationalism$zGreat Britain 607 $aGrande-Bretagne$2rero 607 $aGreat Britain$2fast 608 $aHistory. 608 $aElectronic books. 615 0$a1922-1953. 615 0$aidentite? nationale. 615 0$acommunication de masse. 615 0$aNationalisme$xDans les medias 615 0$aRadio broadcasting. 615 0$aNationalism. 615 0$aMass media and nationalism. 615 0$aNationalism$xHistory 615 0$aRadio broadcasting$xHistory. 615 0$aMass media and nationalism 676 $a302.23440941 700 $aHajkowski$b Thomas$0946682 801 0$bMdBmJHUP 801 1$bMdBmJHUP 906 $aBOOK 912 $a9910465954203321 996 $aThe BBC and national identity in Britain, 1922?53$92565488 997 $aUNINA